Normal view
MARC view
- Troxell, George Earl,
Entry Personal Name
001 - CONTROL NUMBER
- control field: 3509
003 - CONTROL NUMBER IDENTIFIER
- control field: NUST
005 - DATE AND TIME OF LATEST TRANSACTION
- control field: 20170720124858.0
008 - FIXED-LENGTH DATA ELEMENTS
- fixed length control field: 170720|| aca||aabn | a|a d
040 ## - CATALOGING SOURCE
- Original cataloging agency: NUST
- Transcribing agency: NUST
100 ## - HEADING--PERSONAL NAME
- Personal name: Troxell, George Earl,
670 ## - SOURCE DATA FOUND
- Source citation: Work cat.: (NUST)0: Troxell, George Earl,, Composition and properties of concrete, 1956.
